000
00298nam a2200133Ia 4500
008
191201s2010 xx 000 0 und d
100
_a
TRICKER,Bob
245
0
_a
Corporate Governance
250
_a
Rejp
260
_a
N. delhi
_b
Oxford
_c
2010
300
_a
431
650
_a
BBA
942
_2
ddc
_c
BK
_0
1
999
_c
4803
_d
4803